00542nam a2200169 i 450000100060000000300090000600500170001500700030003200800410003510000190007624500450009526000610014030000460020149000520024783000520029985200210035184015ES-MaACL20230906174930.0t|041119s1909 fr ||||1| fre d1 aJaulin, Emile.10aTravaux graphiques / cpar Emile Jaulin. aParis : bH. Dunod, c1909 (eTours : fDeslis Frères) aVIII, 474 p., 7 lám. : bil. ; c19 cm.1 aBibliothèque du conducteur de travaux publics0 aBibliothèque du conducteur de travaux publics aES-MaACLjF-2044